Score 0/25 Timer 04:00
118 Plays Today
% Correct
Manchester United
(England)
94.1%
Red Bull Salzburg
(Austria)
92.1%
AC Milan (Italy)
88.8%
Watford (England)
87.3%
Red Star Belgrade
(Serbia)
86.2%
West Bromwich
Albion (England)
85.7%
Norwich City
(England)
84.5%
Borussia
Mönchengladbach
(Germany)
84.3%
Sevilla (Spain)
84.1%
AS Monaco
(France)
83.3%
Dynamo Kyiv
(Ukraine)
79.8%
Club América
(Mexico)
79.4%
FC Dallas (USA)
78.4%
% Correct
Internazionale (Italy)
77.3%
Dinamo Zagreb
(Croatia)
75.5%
CSKA Moscow
(Russia)
75.4%
Club Brugge KV
(Belgium)
75.1%
1. FC Köln (Germany)
74.8%
Sparta Prague
(Czechia)
71.6%
Kashima Antlers
(Japan)
69.4%
FC København
(Denmark)
67.3%
Tampines Rovers
(Singapore)
52.6%
Club Deportivo Olimpia
(Honduras)
48.3%
Dundalk (Ireland)
44.5%
Jeonbuk Hyundai Motors
(South Korea)
43.6%

You're not logged in!

Compare scores with friends on all Sporcle quizzes.
OR
Log In

Sporcle TV

Today on Sporcle TV


Watch our educational content, quiz creation guides, and fun videos on Sporcle TV.

Show Comments

Extras

Top Quizzes Today


Score Distribution

Paid Content

Your Account Isn't Verified!

In order to create a playlist on Sporcle, you need to verify the email address you used during registration. Go to your Sporcle Settings to finish the process.

Report this User

Report this user for behavior that violates our Community Guidelines.

Details: